Pierre Bourdieu y la teoría del mundo social

Uloženo v:
Podrobná bibliografie
Hlavní autor: Pinto, Louis (Autor)
Médium: Kniha
Jazyk:španělština
Vydáno: Ciudad de México Siglo Veintiuno 2002
Vydání:1a. ed
Edice:Sociología y Política
Témata:
Tagy: Přidat tag
Žádné tagy, Buďte první, kdo vytvoří štítek k tomuto záznamu!

MARC

LEADER 00000cam a2200000 a 4500
001 UCK6332
003 CL-VaPUC
008 050916e20020000MX |||||||||||||||||spa|d
020 |a 968232369X 
082 0 4 |a 301.01  |b PIN  |2 21 
100 0 |a Pinto, Louis  |e author  |9 495495 
245 1 0 |a Pierre Bourdieu y la teoría del mundo social 
250 |a 1a. ed 
300 |a 219 p 
942 |c BK 
945 |d 20050916 00:00:00  |a jcarroza 
260 |a Ciudad de México  |b Siglo Veintiuno  |c 2002 
600 0 7 |a BOURDIEU, PIERRE  |2 CL-VaPUC  |9 308635 
650 0 |a Sociología   |9 255410 
650 7 |a SOCIOLOGOS  |2 CL-VaPUC  |9 307715 
650 7 |a TEORIA  |2 CL-VaPUC  |9 495496 
650 0 |a Filosofía   |9 223554 
583 |a last modification  |c 20120910 01:24:20  |k Rodrigo Vera 
490 0 |a Sociología y Política 
999 |c 314628  |d 314626 
952 |0 0  |1 0  |4 0  |6 301_010000000000000_PIN_2002  |7 0  |8 A  |9 387180  |a BIBEDU  |b BIBEDU  |d 2019-11-22  |i 4167635  |o 301.01 PIN 2002  |p 4167635  |r 2019-11-22  |w 2019-11-22  |y BK  |k EBA 
952 |0 0  |1 0  |4 0  |6 301_010000000000000_PIN_2002  |7 0  |8 R  |9 387181  |a BIBGIM  |b BIBGIM  |d 2019-11-22  |i 4778472  |o 301.01 PIN 2002  |p 4778472  |r 2025-01-15  |w 2019-11-22  |y BK_R  |k SSL 
952 |0 0  |1 0  |4 0  |6 301_010000000000000_PIN_2002  |7 0  |8 R  |9 387182  |a BIBGIM  |b BIBGIM  |d 2019-11-22  |i 4904826  |o 301.01 PIN 2002  |p 4904826  |r 2019-11-22  |w 2019-11-22  |y BK_R  |k SSL